Základy tvorby a výroby televizních pořadů : určeno pro posl. fak. filmové a televizní /

Uložené v:
Podrobná bibliografia
Hlavný autor: Vrabec, Jan, 1933- (Author)
Médium: Kniha
Jazyk:Czech
Vydané: Praha : Státní pedagogické nakladatelství, 1976.
Vydanie:2. vyd.
ISBN: (brož.)
Fyzický popis: 198 s.
Tagy: Pridať tag
Žiadne tagy, Buďte prvý kto otaguje tento záznam!

MARC

LEADER 00000nam a22000004a 4500
001 000548607
005 20170626204830.0
008 170625s1976 xr e 000 0 cze d
020 |a (brož.)  |c Kčs 14,00 
040 |a SVKKK  |b slo  |c SVKKK  |e AACR2 
041 0 |a cze 
044 |a xr  |c CZ 
100 1 |a Vrabec, Jan,  |d 1933-  |4 aut 
245 1 0 |a Základy tvorby a výroby televizních pořadů :  |b určeno pro posl. fak. filmové a televizní /  |c Jan Vrabec. 
250 |a 2. vyd. 
260 |a Praha :  |b Státní pedagogické nakladatelství,  |c 1976. 
300 |a 198 s. 
910 |a svkkk 
998 |a BK 
090 |g SCKHL  |k Sklad Pribinova 3. posch.  |a V.97887  |j 547999  |i 2721177006  |s Povinný výt. 
090 |g SCKHL  |k Sklad Pribinova 3. posch.  |a V.98652  |j 552180  |i 2720538538  |4 Multiplikát  |s Návrh na vyradenie 
090 |g SCKHL  |k Sklad Pribinova 3. posch.  |a V.98653  |j 552181  |i 2720538539  |4 Multiplikát  |s Návrh na vyradenie